| 000 | 00440nam a2200181Ia 4500 | ||
|---|---|---|---|
| 001 | 7471 | ||
| 005 | 20260306160457.0 | ||
| 008 | 260306t2007||||xx |||||||||||||| ||spa|| | ||
| 041 | _aESP | ||
| 082 |
_a339 _bF62 |
||
| 100 |
_aFlores Estrada, María Aurora _eAUT |
||
| 245 | 0 |
_aMacroeconomía: _bejercicios prácticos |
|
| 260 | _c2007 | ||
| 300 |
_a216 páginas : _c25 cm. |
||
| 650 | _aGEN | ||
| 654 | _aCAN | ||
| 942 |
_cLIB _dJUS _fJUS _2ddc _n |
||
| 999 |
_c7471 _d7471 |
||